| 000 | 01767nam a22002657a 4500 | ||
|---|---|---|---|
| 003 | Uzh_bibl | ||
| 008 | 260417b |||||||| |||| 00| 0 ukr d | ||
| 020 |
_a978-966-02-7999-5 _c73.88 |
||
| 040 | _bукр. | ||
| 041 |
_2ukr _aukr |
||
| 080 | _a030(477) | ||
| 090 |
_a030(477) _bЕ64 |
||
| 100 | _a- | ||
| 245 |
_aЕнциклопедія Сучасної України _bТ. 17: Лег - Лощ. _cкорект. Т.Берзюк, М.Голіченко та ін; іл. В.Муха; обкл. В.Єрмак. та ін. _hТекст |
||
| 260 |
_aКиїв _bТОВ "Твори" _c2016 |
||
| 300 |
_a711 с. _bіл. _fВ опр. |
||
| 490 | _vТом 17 | ||
| 520 | _aЕнциклопедія Сучасної України - перше багатотомне видання про Україну всіх вимірах від початку 20 століття до сьогодення. Енциклопедія подає цілісний образ новітньої України в подіях, інституціях, установах, родах діяльності, поняттях, особах. Охоплює всі сфери життя в Україна, відображає сучасні погляди на історичні події та постаті. У сімнадцятому томі подано 2560 статей, 2329 чорно-білих та 293 кольорову ілюстрацію 9 карт і 10 таблиць. | ||
| 521 | _aДля широкого кола читачів | ||
| 546 | _aукр. | ||
| 650 | _aДовідкове видання | ||
| 653 |
_aЕнциклопедія. _aУкраїна |
||
| 655 |
_aНауково-популярне видання _vЕнциклопедія |
||
| 942 |
_2udc _cBK |
||
| 999 |
_c17383 _d17383 |
||